000 00796nam a2200253 a 4500
001 000023275
005 20200930022114.0
008 101201s1974 ag r 000 | spa d
040 _aDO-SdBNP
_bspa
_cBNPHU
082 _axxx
_bS686p
245 1 3 _aLa solidaridad de los pueblos con la República Española :
_b1936-1939 /
_cH. Teubner...[et al]; traducción por Isidro R. Mendieta.
260 _aMoscú :
_bProgreso,
_c1974.
300 _a413 p. :
_bil. ;
_c22 cm.
500 _aIncluye índice alfabético
700 1 _aTeubner, H
_947920
700 1 _aKruzik, F
_947921
700 1 _aMichaut, R
_947922
700 1 _aElliot, A
_947923
700 1 _aBertolini, R
_947924
700 1 _aWasiluk, P
_947925
700 1 _aNesterenko, I
_947926
700 1 _aLatinovic, L
_947927
049 _aBNGR
999 _c22772
_d22772